000 00210 a2200097 4500
001 44472
100 _aStewart
245 _aReality of Management
260 _aLondon
_bPan Books Ltd
_c
090 _c28184
_d28184
942 _aNUST-CAE
_cM
_c20207
999 _c279545
_d279545